[Event "Baku EU qual"]
[Site "Baku"]
[Date "2002.??.??"]
[Round "?"]
[White "Badalov, Samir"]
[Black "Dovliatov, Sanan"]
[Result "0-1"]
[WhiteElo "2307"]
[BlackElo "2318"]
[PlyCount "62"]
[EventDate "2002.??.??"]
[EventType "tourn"]
[EventRounds "9"]
[EventCountry "AZE"]
[EventCategory "2"]
[SourceTitle "EXT 2003"]
[Source "ChessBase"]
[SourceDate "2002.11.25"]
[SourceVersion "1"]
[SourceVersionDate "2002.11.25"]
[SourceQuality "1"]

1. e4 e5 2. Nf3 Nc6 3. Bc4 Bc5 4. d3 Nf6 5. Nc3 d6 6. Bg5 h6 7. Bxf6 Qxf6 8. Nd5 Qd8 9. c3 0-0 10. b4 Bb6 11. a4 a6 12. Nxb6 cxb6 13. h3 Be6 14. Bxe6 fxe6 15. 0-0 Rf4 16. Qe2 Qc7 17. g3 Rf6 18. Nh2 Raf8 19. Qe3 Ne7 20. Rac1 Nc6 21. Kg2 R6f7 22. f3 d5 23. Qe2 Qd6 24. Rfe1 b5 25. axb5 axb5 26. exd5 exd5 27. Rf1 d4 28. c4 bxc4 29. Rxc4 Nxb4 30. Ng4 Nd5 31. Rf2 h5 0-1

[Event "Baku EU qual"]
[Site "Baku"]
[Date "2002.??.??"]
[Round "?"]
[White "Dovliatov, Sanan"]
[Black "Davidov, Samir"]
[Result "1-0"]
[WhiteElo "2318"]
[BlackElo "2246"]
[PlyCount "99"]
[EventDate "2002.??.??"]
[EventType "tourn"]
[EventRounds "9"]
[EventCountry "AZE"]
[EventCategory "2"]
[SourceTitle "EXT 2003"]
[Source "ChessBase"]
[SourceDate "2002.11.25"]
[SourceVersion "1"]
[SourceVersionDate "2002.11.25"]
[SourceQuality "1"]

1. e4 e5 2. Nf3 Nc6 3. Bb5 a6 4. Ba4 Nf6 5. d3 d6 6. c3 Be7 7. Nbd2 b5 8. Bb3 Na5 9. Bc2 c5 10. Nf1 0-0 11. Ng3 Nc6 12. 0-0 Re8 13. h3 h6 14. d4 Bf8 15. d5 Ne7 16. a4 Rb8 17. axb5 axb5 18. Be3 Ng6 19. Qd2 Bd7 20. b4 Qc7 21. Ra5 Rec8 22. Bd3 Kh7 23. Rfa1 Rb7 24. R1a2 Rcb8 25. Be2 Qc8 26. Nh2 Rc7 27. Ra6 Qd8 28. Ng4 Bxg4 29. Bxg4 Nxg4 30. hxg4 cxb4 31. cxb4 Rbc8 32. g5 hxg5 33. Bxg5 Be7 34. Be3 Rc4 35. Ra7 Kg8 36. Rb7 Rc1+ 37. Kh2 Bf8 38. Nf5 Nf4 39. Bxf4 exf4 40. Qxf4 Qf6 41. Raa7 g5 42. Qg3 R8c3 43. f3 Qh8+ 44. Qh3 Qe5+ 45. Ng3 Qd4 46. Qh5 Qh8 47. Qxh8+ Kxh8 48. Rxf7 Rc8 49. Rh7+ Kg8 50. Nh5 1-0

[Event "Baku EU qual"]
[Site "Baku"]
[Date "2002.??.??"]
[Round "?"]
[White "Pavlenko, Oleg"]
[Black "Dovliatov, Sanan"]
[Result "1/2-1/2"]
[WhiteElo "2272"]
[BlackElo "2318"]
[PlyCount "27"]
[EventDate "2002.??.??"]
[EventType "tourn"]
[EventRounds "9"]
[EventCountry "AZE"]
[EventCategory "2"]
[SourceTitle "EXT 2003"]
[Source "ChessBase"]
[SourceDate "2002.11.25"]
[SourceVersion "1"]
[SourceVersionDate "2002.11.25"]
[SourceQuality "1"]

1. e4 e5 2. Nf3 Nc6 3. Bb5 a6 4. Bxc6 dxc6 5. d4 exd4 6. Qxd4 Qxd4 7. Nxd4 Bd7 8. Nc3 0-0-0 9. Be3 Nf6 10. f3 Bb4 11. 0-0-0 Bxc3 12. bxc3 c5 13. Ne2 b6 14. Bg5 1/2-1/2

[Event "AZE-ch"]
[Site "Baku"]
[Date "2001.??.??"]
[Round "?"]
[White "Dovliatov, Sanan"]
[Black "Abbasov, Farid"]
[Result "1/2-1/2"]
[WhiteElo "2360"]
[BlackElo "2439"]
[PlyCount "94"]
[EventDate "2001.??.??"]
[EventType "tourn"]
[EventRounds "11"]
[EventCountry "AZE"]
[SourceTitle "EXT 2003"]
[Source "ChessBase"]
[SourceDate "2002.11.25"]
[SourceVersion "1"]
[SourceVersionDate "2002.11.25"]
[SourceQuality "1"]

1. e4 c5 2. Ne2 e6 3. d4 cxd4 4. Nxd4 a6 5. g3 d5 6. e5 Nc6 7. Bg2 Nxe5 8. 0-0 Nf6 9. Re1 Nc6 10. c4 Be7 11. Nc3 0-0 12. Be3 dxc4 13. Nxc6 bxc6 14. Bxc6 Qxd1 15. Nxd1 Rb8 16. Ba7 Rb4 17. a3 Rb3 18. Rc1 Bd7 19. Bxd7 Nxd7 20. Rxc4 Bf6 21. Bd4 Nb6 22. Bxb6 Rxb6 23. b4 Rd8 24. Nc3 g6 25. Rd1 Rxd1+ 26. Nxd1 Rd6 27. Nc3 Rd3 28. Ne4 Bd4 29. Kf1 e5 30. a4 Ra3 31. b5 axb5 32. axb5 Ra1+ 33. Kg2 Rb1 34. Rc8+ Kg7 35. Rc7 Rb2 36. g4 h6 37. h4 Kf8 38. g5 hxg5 39. hxg5 Rxb5 40. Nd6 Rd5 41. Rxf7+ Kg8 42. Rf6 e4 43. Rxg6+ Kh7 44. Rh6+ Kg7 45. Nxe4 Rxg5+ 46. Nxg5 Kxh6 47. Kh3 Bxf2 1/2-1/2

[Event "Baku EU qual"]
[Site "Baku"]
[Date "2001.??.??"]
[Round "7"]
[White "Dovliatov, Sanan"]
[Black "Abbasov, Farid"]
[Result "0-1"]
[WhiteElo "2360"]
[BlackElo "2439"]
[PlyCount "86"]
[EventDate "2001.??.??"]
[EventType "tourn"]
[EventRounds "10"]
[EventCountry "AZE"]
[EventCategory "6"]
[SourceTitle "EXT 2002"]
[Source "ChessBase"]
[SourceDate "2001.11.25"]
[SourceVersion "1"]
[SourceVersionDate "2001.11.25"]
[SourceQuality "1"]

1. e4 c5 2. Nf3 d6 3. d4 Nf6 4. Nc3 cxd4 5. Nxd4 g6 6. Be3 Bg7 7. f3 Nc6 8. Qd2 Bd7 9. g4 h5 10. g5 Nh7 11. 0-0-0 0-0 12. f4 Re8 13. Nxc6 Bxc6 14. Bc4 Rc8 15. Bd4 e5 16. fxe5 Bxe5 17. h4 Qe7 18. Rhf1 Rf8 19. Bxe5 dxe5 20. Bb3 Kg7 21. Qe3 b6 22. Nd5 Bxd5 23. Rxd5 f6 24. Rfd1 Rcd8 25. Qc3 fxg5 26. Rxe5 Rxd1+ 27. Kxd1 Qf6 28. Re7+ Kh6 29. hxg5+ Nxg5 30. Qxf6 Rxf6 31. e5 Rf4 32. Rxa7 Rd4+ 33. Ke2 Re4+ 34. Kf2 Rxe5 35. Rb7 Ne4+ 36. Kg2 Rg5+ 37. Kh2 Nd2 38. Rf7 Nxb3 39. cxb3 Rd5 40. Rf2 h4 41. b4 Kh5 42. Rc2 g5 43. a4 Rd4 0-1

[Event "AZE-ch"]
[Site "Baku"]
[Date "2001.??.??"]
[Round "?"]
[White "Dovliatov, Sanan"]
[Black "Bayramov, Vougar"]
[Result "0-1"]
[WhiteElo "2360"]
[BlackElo "2281"]
[PlyCount "64"]
[EventDate "2001.??.??"]
[EventType "tourn"]
[EventRounds "11"]
[EventCountry "AZE"]
[SourceTitle "EXT 2003"]
[Source "ChessBase"]
[SourceDate "2002.11.25"]
[SourceVersion "1"]
[SourceVersionDate "2002.11.25"]
[SourceQuality "1"]

1. e4 e5 2. Nc3 Nf6 3. g3 Be7 4. Bg2 c6 5. Nf3 d6 6. 0-0 0-0 7. d4 Nbd7 8. a4 a5 9. b3 Re8 10. Bb2 Qb6 11. Qd2 Bf8 12. Rad1 exd4 13. Qxd4 Nc5 14. Ba3 Bg4 15. h3 Bxf3 16. Bxf3 Qc7 17. Bg2 Rad8 18. f4 b6 19. Qc4 Qc8 20. Bxc5 bxc5 21. Rfe1 d5 22. exd5 Rxe1+ 23. Rxe1 cxd5 24. Qb5 c4 25. Qxa5 Qc5+ 26. Qxc5 Bxc5+ 27. Kh2 Bb4 28. bxc4 Bxc3 29. Rd1 d4 30. c5 Nd5 31. Rb1 Kf8 32. c6 Nb4 0-1

[Event "AZE-ch"]
[Site "Baku"]
[Date "2001.??.??"]
[Round "?"]
[White "Dovliatov, Sanan"]
[Black "Mamedov, Nidjat"]
[Result "0-1"]
[WhiteElo "2360"]
[BlackElo "2392"]
[PlyCount "90"]
[EventDate "2001.??.??"]
[EventType "tourn"]
[EventRounds "11"]
[EventCountry "AZE"]
[SourceTitle "EXT 2003"]
[Source "ChessBase"]
[SourceDate "2002.11.25"]
[SourceVersion "1"]
[SourceVersionDate "2002.11.25"]
[SourceQuality "1"]

1. e4 c5 2. Nf3 d6 3. Bb5+ Nd7 4. 0-0 a6 5. Bxd7+ Bxd7 6. d4 cxd4 7. Qxd4 Nf6 8. Bg5 Bc6 9. Nc3 e6 10. e5 dxe5 11. Qxd8+ Rxd8 12. Nxe5 Rc8 13. Nxc6 Rxc6 14. a3 Be7 15. Rfd1 0-0 16. Rd3 Rfc8 17. h3 b5 18. Bf4 h6 19. Be5 Rc4 20. Rad1 Ne4 21. Nxe4 Rxe4 22. Rc3 Rxc3 23. Bxc3 Rc4 24. Rd3 f6 25. Kf1 e5 26. Ke2 Kf7 27. Kd2 Ke6 28. Ba5 Bc5 29. f3 e4 30. fxe4 Rxe4 31. Bc7 f5 32. Rd8 Be3+ 33. Kd3 Bc1 34. Rd6+ Kf7 35. Rxa6 Re3+ 36. Kd4 Re2 37. Kc3 Rxg2 38. Rb6 f4 39. Rxb5 Ke6 40. Re5+ Kd7 41. Bb6 Rg3+ 42. Kc4 Bxb2 43. Rf5 Rxa3 44. h4 Kc6 45. Rf8 Bf6 0-1

[Event "Baku Cup-B"]
[Site "Baku"]
[Date "2001.??.??"]
[Round "?"]
[White "Dovliatov, Sanan"]
[Black "Rzaev, Asker"]
[Result "1-0"]
[WhiteElo "2360"]
[BlackElo "2127"]
[PlyCount "93"]
[EventDate "2001.??.??"]
[EventType "swiss"]
[EventRounds "9"]
[EventCountry "AZE"]
[SourceTitle "EXT 2003"]
[Source "ChessBase"]
[SourceDate "2002.11.25"]
[SourceVersion "1"]
[SourceVersionDate "2002.11.25"]
[SourceQuality "1"]

1. e4 e5 2. Nf3 Nc6 3. Bb5 a6 4. Ba4 Nf6 5. d3 Be7 6. Nbd2 b5 7. Bb3 Bb7 8. a4 0-0 9. 0-0 d5 10. c3 dxe4 11. dxe4 Na5 12. Bc2 Nc4 13. Nxc4 bxc4 14. Nxe5 Nxe4 15. Nxc4 Bc5 16. Be3 Bxe3 17. Nxe3 Qg5 18. Qg4 Rad8 19. Qxg5 Nxg5 20. Rad1 Ne6 21. f3 Rb8 22. a5 c5 23. Rd6 Rfe8 24. Ba4 Re7 25. Nf5 Rc7 26. b3 g6 27. Ne3 Re7 28. Kf2 Nf4 29. Rfd1 c4 30. bxc4 Ne6 31. Rb6 Nc5 32. Bc6 Bxc6 33. Rxb8+ Kg7 34. Rc8 Re6 35. Rdd8 Nb7 36. Rg8+ Kh6 37. Ng4+ Kg5 38. Kg3 h5 39. h4+ Kf5 40. Nh6+ Kf6 41. Rc7 Nd6 42. Rxc6 Ne4+ 43. fxe4 Rxc6 44. Kf4 Rxc4 45. g4 Rc5 46. g5+ Ke6 47. Re8+ 1-0